000 00557cam a22002291 4500
001 sa 68014232
003 DLC
005 20260227112629.0
008 950222s1967 ii 000 0 tamo
010 _asa 68014232
025 _aPL480:I-T-2084
035 _a(OCoLC)32036255
040 _aDLC
_cCU
_dCU
_dDLC
042 _apremarc
050 0 0 _aPN6519.T3
_bL4
100 1 _aLeṭcumaṇan̲, K. S.
245 1 0 _aVāl̲viyal pal̲amol̲ikaḷ.
260 _c[1967]
300 _a212 p.
_c18 cm.
500 _aIn Tamil.
650 0 _aProverbs, Tamil.
999 _c85635
_d85635